[Event "LIGA CENTRALNE SRBIJE 2013 - Jug"]
[Site "Niš"]
[Date "2013.10.18"]
[Round "3.1"]
[White "Ristic, Boban"]
[Black "Blazic, Ivica"]
[Result "1/2-1/2"]
[WhiteElo "2066"]
[BlackElo "2025"]
[PlyCount "20"]
[EventDate "2013.10.17"]

1. d4 d5 2. Nf3 Nc6 3. e3 Nf6 4. c3 Bf5 5. Be2 e6 6. O-O Bd6 7. Nbd2 O-O 8. a3
a6 9. Nh4 Bg6 10. Nxg6 hxg6 1/2-1/2

[Event "LIGA CENTRALNE SRBIJE 2013 - Jug"]
[Site "Niš"]
[Date "2013.10.18"]
[Round "3.1"]
[White "Ivanovic, Veljko"]
[Black "Zlatanovic, Nikola"]
[Result "1/2-1/2"]
[WhiteElo "1770"]
[BlackElo "2065"]
[PlyCount "21"]
[EventDate "2013.10.17"]

1. d4 d5 2. c4 c6 3. cxd5 cxd5 4. Nc3 Nf6 5. Bf4 e6 6. e3 Nc6 7. Nf3 Bd6 8.
Bxd6 Qxd6 9. Bb5 O-O 10. Bxc6 bxc6 11. O-O 1/2-1/2

[Event "LIGA CENTRALNE SRBIJE 2013 - Jug"]
[Site "Niš"]
[Date "2013.10.18"]
[Round "3.2"]
[White "Djordjevic, Danilo"]
[Black "Savic, Ivan"]
[Result "1-0"]
[WhiteElo "2007"]
[BlackElo "2049"]
[PlyCount "77"]
[EventDate "2013.10.17"]

1. e4 e5 2. Nc3 Nf6 3. Bc4 Bc5 4. d3 h6 5. f4 d6 6. f5 c6 7. Qf3 b5 8. Bb3 a5
9. a4 b4 10. Nd1 d5 11. Be3 d4 12. Bd2 Be7 13. Qg3 Kf8 14. Nf2 Nbd7 15. Nf3 c5
16. Qh3 Nh7 17. O-O Ng5 18. Nxg5 Bxg5 19. Qh5 g6 20. fxg6 Kg7 21. Ng4 f6 22.
Be1 Nf8 23. Nxe5 Qe8 24. Nf7 Nxg6 25. Nxh8 Qxh8 26. Bg3 Qf8 27. h4 Be3+ 28. Kh1
Qe7 29. Rf3 Ra6 30. Bc4 Rb6 31. Raf1 Bd7 32. Bc7 Rc6 33. Qd5 Re6 34. Rg3 Qe8
35. h5 Bg5 36. hxg6 Re7 37. Bd6 Bc6 38. Qxc5 Rb7 39. Ba6 1-0

[Event "LIGA CENTRALNE SRBIJE 2013 - Jug"]
[Site "Niš"]
[Date "2013.10.18"]
[Round "3.2"]
[White "Vucetic, Mirko"]
[Black "Bozilov, Dragan"]
[Result "0-1"]
[WhiteElo "2037"]
[BlackElo "1925"]
[PlyCount "46"]
[EventDate "2013.10.17"]

1. d4 d5 2. c4 c6 3. Nc3 Nf6 4. Bg5 dxc4 5. Bxf6 exf6 6. a4 Bb4 7. e3 Be6 8.
Nf3 Qa5 9. Qc1 Nd7 10. Nd2 Nb6 11. Be2 Rd8 12. O-O O-O 13. Rd1 f5 14. Ncb1 f4
15. Nxc4 Nxc4 16. Bxc4 fxe3 17. fxe3 Rfe8 18. Na3 Qg5 19. Bxe6 Rxe6 20. Rd3 c5
21. Nc4 cxd4 22. exd4 Qh4 23. Nd2 Re2 0-1

[Event "LIGA CENTRALNE SRBIJE 2013 - Jug"]
[Site "Niš"]
[Date "2013.10.18"]
[Round "3.2"]
[White "Djordjevic, Miroslav"]
[Black "Vasic, Zarko"]
[Result "1-0"]
[WhiteElo "2040"]
[BlackElo "2015"]
[PlyCount "42"]
[EventDate "2013.10.17"]

1. e4 e6 2. d4 d5 3. e5 c5 4. c3 Bd7 5. Nf3 Nc6 6. Bd3 Qb6 7. Nbd2 cxd4 8. cxd4
Nxd4 9. O-O Bc5 10. Nxd4 Bxd4 11. Nf3 Bc5 12. b4 Be7 13. Be3 Qd8 14. Rc1 a6 15.
Qb3 f5 16. a4 a5 17. bxa5 Qxa5 18. Qxb7 Qxa4 19. Rc7 Rd8 20. Rxd7 Rxd7 21. Bb5
Qb4 1-0

[Event "LIGA CENTRALNE SRBIJE 2013 - Jug"]
[Site "Niš"]
[Date "2013.10.18"]
[Round "3.2"]
[White "Stanojevic, Ilija"]
[Black "Milic, Slobodan"]
[Result "1/2-1/2"]
[WhiteElo "1824"]
[BlackElo "1920"]
[PlyCount "68"]
[EventDate "2013.10.17"]

1. d4 d5 2. c4 e6 3. Nf3 Nf6 4. Bg5 c6 5. Nc3 Bb4 6. Rc1 Nbd7 7. e3 Qa5 8. Qb3
Ne4 9. cxd5 Nxg5 10. Nxg5 exd5 11. Bd3 h6 12. Nf3 Nf6 13. O-O O-O 14. a3 Bd6
15. e4 dxe4 16. Nxe4 Nxe4 17. Bxe4 Qh5 18. h3 Rb8 19. Rfe1 Bd7 20. Ne5 Be6 21.
Qc3 Rbc8 22. Nc4 Bb8 23. Qf3 Qg5 24. b3 f5 25. Bb1 Bd5 26. h4 Qxh4 27. Qh3 Qxh3
28. gxh3 g6 29. Ne5 Kg7 30. b4 a6 31. Nd7 Rf7 32. Nb6 Rd8 33. Nxd5 cxd5 34. Ba2
Ba7 1/2-1/2

[Event "LIGA CENTRALNE SRBIJE 2013 - Jug"]
[Site "Niš"]
[Date "2013.10.18"]
[Round "3.2"]
[White "Veselinov, Ivica"]
[Black "Krstic, Andrija Marko"]
[Result "1-0"]
[WhiteElo "1949"]
[BlackElo "1730"]
[PlyCount "91"]
[EventDate "2013.10.17"]

1. e4 c6 2. d4 d5 3. exd5 cxd5 4. c4 Nf6 5. Nc3 Bf5 6. Nf3 e6 7. a3 Be7 8. c5
O-O 9. Bd3 Re8 10. O-O Nc6 11. Bxf5 exf5 12. b4 a6 13. Ne5 Ne4 14. Na4 Nxe5 15.
dxe5 Qc7 16. f3 Ng5 17. Nb6 Rad8 18. f4 Bxc5+ 19. bxc5 Qxc5+ 20. Kh1 Ne4 21.
Qb3 Nf2+ 22. Rxf2 Qxf2 23. Be3 Qe2 24. Nxd5 Rxd5 25. Qxd5 Qxe3 26. Qd7 Kf8 27.
Qxf5 g6 28. Qf6 Re6 29. Qh8+ Ke7 30. Rd1 Qb6 31. Qxh7 Qb3 32. Qh4+ f6 33. Qh7+
Ke8 34. Qd7+ Kf8 35. Qd8+ Re8 36. Qxf6+ Qf7 37. Qxf7+ Kxf7 38. Rd7+ Re7 39.
Rxe7+ Kxe7 40. Kg1 Ke6 41. Kf2 Kf5 42. g4+ Ke6 43. Ke3 Kd5 44. Kd3 Ke6 45. Kc4
b6 46. h4 1-0

[Event "LIGA CENTRALNE SRBIJE 2013 - Jug"]
[Site "Niš"]
[Date "2013.10.18"]
[Round "3.3"]
[White "Stojiljkovic, Stefan"]
[Black "Filipovic, Slobodan M"]
[Result "1-0"]
[WhiteElo "2051"]
[BlackElo "2166"]
[PlyCount "105"]
[EventDate "2013.10.17"]

1. e4 e5 2. Nf3 Nc6 3. Bc4 Nf6 4. d3 Be7 5. O-O O-O 6. h3 d6 7. c3 Na5 8. Bb3
Nxb3 9. Qxb3 a5 10. Qc2 c5 11. c4 Be6 12. Nc3 Nh5 13. Qe2 f5 14. exf5 Rxf5 15.
Re1 Qf8 16. Qe4 Nf4 17. Nh2 Bh4 18. Be3 Qf7 19. Nf1 Nxh3+ 20. gxh3 Bxf2+ 21.
Bxf2 Rxf2 22. Ng3 Bxh3 23. Re2 Rf8 24. Nd5 Bg2 25. Qg4 h5 26. Nxh5 Bxd5 27.
cxd5 Rxe2 28. Qxe2 Qxd5 29. Qg4 Qf7 30. Rd1 Qf2+ 31. Kh1 Qf3+ 32. Qxf3 Rxf3 33.
Kg2 Rf5 34. Ng3 Rf6 35. Ne4 Rg6+ 36. Kf3 Kf7 37. Rh1 b6 38. Rh8 d5 39. Nc3 Rf6+
40. Ke2 Rg6 41. Kd2 Rg2+ 42. Ne2 Rg4 43. Rb8 Rb4 44. Kc2 c4 45. d4 e4 46. Nf4
Rb5 47. Rd8 g5 48. Rxd5 Rxd5 49. Nxd5 g4 50. Ne3 g3 51. Kc3 b5 52. d5 Kg6 53.
Kd4 1-0

[Event "LIGA CENTRALNE SRBIJE 2013 - Jug"]
[Site "Niš"]
[Date "2013.10.18"]
[Round "3.3"]
[White "Stojanovic, Ivan M"]
[Black "Krstic, Zoran"]
[Result "1-0"]
[WhiteElo "1905"]
[BlackElo "1925"]
[PlyCount "83"]
[EventDate "2013.10.17"]

1. Nf3 d5 2. g3 c6 3. Bg2 Nf6 4. O-O h6 5. c4 Bf5 6. cxd5 Nxd5 7. d3 Bh7 8. Nc3
e6 9. e4 Nf6 10. Qb3 Qb6 11. Qc2 Nbd7 12. Be3 Qa6 13. h3 Be7 14. a3 O-O 15. b4
Rac8 16. Rfd1 Rfd8 17. Bf1 b6 18. Qb3 Qb7 19. a4 c5 20. bxc5 Nxc5 21. Bxc5 Bxc5
22. a5 Qe7 23. axb6 Bxb6 24. Na4 Ba5 25. Rdb1 Nd7 26. Qb5 Qf6 27. Bg2 Bb6 28.
Nxb6 axb6 29. Ra7 Nc5 30. Ne1 Qc3 31. Bf1 Rd6 32. Rba1 g5 33. R7a3 Qd4 34. Nc2
Qf6 35. Ne3 Qd8 36. Nc4 Rdc6 37. Ne5 Rd6 38. Ra7 Rc7 39. Rxc7 Qxc7 40. Qe8+ Kg7
41. Ra8 Rd8 42. Rxd8 1-0

[Event "LIGA CENTRALNE SRBIJE 2013 - Jug"]
[Site "Niš"]
[Date "2013.10.18"]
[Round "3.4"]
[White "Savic, Nebojsa"]
[Black "Rilak, Slavoljub"]
[Result "1/2-1/2"]
[WhiteElo "2071"]
[BlackElo "2097"]
[PlyCount "23"]
[EventDate "2013.10.17"]

1. e4 e5 2. Nc3 Nf6 3. Bc4 Nc6 4. a3 a6 5. d3 Bc5 6. h3 h6 7. Nf3 O-O 8. Be3
Bxe3 9. fxe3 d6 10. O-O Be6 11. Qe2 Bxc4 12. dxc4 1/2-1/2

[Event "LIGA CENTRALNE SRBIJE 2013 - Jug"]
[Site "Niš"]
[Date "2013.10.18"]
[Round "3.5"]
[White "Petkovic, Dragoslav"]
[Black "Jovanovic, Boban"]
[Result "1-0"]
[WhiteElo "2183"]
[BlackElo "2169"]
[PlyCount "155"]
[EventDate "2013.10.17"]

1. e4 c6 2. d3 d5 3. Nd2 g6 4. Ngf3 Bg7 5. Be2 Bg4 6. O-O Bxf3 7. Bxf3 d4 8. g3
Nd7 9. Bg2 h5 10. a4 h4 11. Nc4 hxg3 12. hxg3 b5 13. axb5 cxb5 14. Na5 e5 15.
f4 Qb6 16. Bd2 Ngf6 17. Bb4 Rc8 18. Nb3 Nh5 19. Bh3 Qc7 20. fxe5 Bxe5 21. Qf3
Rh7 22. Ra6 Nxg3 23. Rxg6 f5 24. Re6+ Kf7 25. Re7+ Kg8 26. Rxh7 Kxh7 27. Bxf5+
Kh8 28. Rf2 Rg8 29. Rh2+ Nh5+ 30. Kf1 Rg1+ 31. Kxg1 Bxh2+ 32. Kg2 Ndf6 33. Nxd4
Be5 34. Bc3 Qg7+ 35. Kf1 Qg5 36. Ne2 Bxc3 37. bxc3 a5 38. c4 bxc4 39. dxc4 a4
40. e5 Ng8 41. e6 a3 42. Qc3+ Nhf6 43. Bd3 Qc5 44. Nf4 a2 45. Qa1 Qe3 46. Ng6+
Kg7 47. Qxa2 Qxe6 48. Qa8 Nd7 49. c5 Qf7+ 50. Ke2 Nxc5 51. Qg2 Nxd3 52. Ne5+
Kf8 53. Nxd3 Qe6+ 54. Kd1 Nf6 55. Kc1 Ke7 56. Qg7+ Qf7 57. Qg5 Qd5 58. Qh4 Qe4
59. Qg5 Qd5 60. Qg7+ Qf7 61. Qg3 Qd5 62. Qc7+ Qd7 63. Qb8 Qd6 64. Qh8 Qe6 65.
Qh6 Nd5 66. Qg5+ Kd6 67. Qd8+ Qd7 68. Qh8 Qe7 69. Qh2+ Kc6 70. Qg2 Qe3+ 71. Kb1
Qb6+ 72. Nb2 Kc5 73. c4 Ne3 74. Qg5+ Kd4 75. Qf4+ Kc3 76. Qe5+ Kb4 77. Qe7+ Qc5
78. Nd3+ 1-0

[Event "LIGA CENTRALNE SRBIJE 2013 - Jug"]
[Site "Niš"]
[Date "2013.10.18"]
[Round "3.5"]
[White "Petrovic, Grade"]
[Black "Puzic, Slobodan"]
[Result "1/2-1/2"]
[WhiteElo "2112"]
[BlackElo "2146"]
[PlyCount "27"]
[EventDate "2013.10.17"]

1. d4 Nf6 2. Nf3 d6 3. c4 Nbd7 4. Nc3 e5 5. e4 c6 6. Be2 Be7 7. O-O O-O 8. Rb1
a6 9. b4 b5 10. h3 Qe8 11. a4 bxc4 12. Bxc4 Nb6 13. Ba2 Nbd7 14. Ng5 1/2-1/2

[Event "LIGA CENTRALNE SRBIJE 2013 - Jug"]
[Site "Niš"]
[Date "2013.10.18"]
[Round "3.5"]
[White "Susulic, Zivan"]
[Black "Djokovic, Nenad"]
[Result "1/2-1/2"]
[WhiteElo "2099"]
[BlackElo "1913"]
[PlyCount "41"]
[EventDate "2013.10.17"]

1. e4 e6 2. d4 d5 3. Nc3 dxe4 4. Nxe4 Bd7 5. Nf3 Bc6 6. Bd3 Nf6 7. Qe2 Nxe4 8.
Bxe4 Bxe4 9. Qxe4 Nc6 10. O-O Qd5 11. Qxd5 exd5 12. Re1+ Kd7 13. c4 f6 14. b3
Bb4 15. Re3 Rhe8 16. a3 Rxe3 17. fxe3 Bc3 18. Rb1 dxc4 19. bxc4 Na5 20. Bd2
Bxd2 21. Nxd2 1/2-1/2

[Event "LIGA CENTRALNE SRBIJE 2013 - Jug"]
[Site "Niš"]
[Date "2013.10.18"]
[Round "3.5"]
[White "Stoiljkovic, Stefan"]
[Black "Stojiljkovic, Zivojin"]
[Result "1-0"]
[WhiteElo "1997"]
[BlackElo "1991"]
[PlyCount "193"]
[EventDate "2013.10.17"]

1. e4 e5 2. Nf3 Nc6 3. d4 exd4 4. Nxd4 d6 5. Nc3 Nf6 6. Bb5 Bd7 7. Nxc6 bxc6 8.
Ba6 Be7 9. O-O O-O 10. Qe2 Re8 11. Bb7 Rb8 12. Qa6 c5 13. Nd5 Nxd5 14. exd5 Bf6
15. c3 Bc8 16. Bxc8 Qxc8 17. Qd3 Qg4 18. f3 Qh4 19. Rb1 Be5 20. f4 Bf6 21. Be3
Qg4 22. Rf3 Qd7 23. b3 c6 24. Rh3 g6 25. Rf1 Bg7 26. f5 cxd5 27. f6 Bh8 28.
Qxd5 Re5 29. Qd2 Qe6 30. Bf4 Rd5 31. Qe3 Re8 32. Bg5 Re5 33. Qd2 Re2 34. Qf4
Qd5 35. Rhf3 R8e4 36. Qg3 Re6 37. c4 Qd4+ 38. Kh1 Qb2 39. Rf5 R2e4 40. R5f2 Re2
41. Qf3 Re8 42. Qc6 Qe5 43. Rxe2 Qxe2 44. Kg1 Qe6 45. Bh4 Rf8 46. Qd5 Qe3+ 47.
Bf2 Qe6 48. Bh4 h6 49. Qxe6 fxe6 50. Rd1 g5 51. Bf2 Bxf6 52. Rxd6 Rd8 53. Rxd8+
Bxd8 54. Bxc5 a6 55. b4 Kf7 56. Kf2 Ke8 57. Kf3 Kd7 58. Ke4 h5 59. h3 Bf6 60.
g4 hxg4 61. hxg4 Kc6 62. Bd4 Be7 63. Bc3 Kd7 64. a4 Bd8 65. c5 Be7 66. Be5 a5
67. bxa5 Bxc5 68. Bd4 Bd6 69. a6 Kc6 70. a7 Kb7 71. a5 Bc7 72. Bb6 Bd6 73. a6+
Ka8 74. Be3 Be7 75. Ke5 Bc5 76. Bd4 Be7 77. Ke4 Bd8 78. Be3 Bf6 79. Kd3 Bd8 80.
Kc4 Bf6 81. Kb5 Be7 82. Kc6 e5 83. Kd5 Bd8 84. Kxe5 Bb6 85. Bd4 Bd8 86. Kd6 Bb6
87. Bf6 Kxa7 88. Bxg5 Kxa6 89. Ke6 Bd4 90. Bf4 Kb6 91. g5 Kc6 92. g6 Bg7 93.
Kf7 Bd4 94. Bg5 Kd7 95. Bf6 Bxf6 96. Kxf6 Ke8 97. g7 1-0

[Event "LIGA CENTRALNE SRBIJE 2013 - Jug"]
[Site "Niš"]
[Date "2013.10.18"]
[Round "3.5"]
[White "Markovic, Mirko"]
[Black "Nikolic, Stefan"]
[Result "1/2-1/2"]
[WhiteElo "2090"]
[BlackElo "1876"]
[PlyCount "38"]
[EventDate "2013.10.17"]

1. e4 c5 2. Nc3 Nc6 3. g3 g6 4. Bg2 Bg7 5. d3 Nf6 6. Be3 d6 7. h3 O-O 8. Nf3
Bd7 9. Qd2 Rb8 10. O-O b5 11. Bh6 e6 12. Bxg7 Kxg7 13. Nh2 Qc7 14. f4 Nd4 15.
Ne2 Rfc8 16. c3 Nxe2+ 17. Qxe2 Ng8 18. g4 f5 19. g5 Re8 1/2-1/2

[Event "LIGA CENTRALNE SRBIJE 2013 - Jug"]
[Site "Niš"]
[Date "2013.10.18"]
[Round "3.5"]
[White "Mikic, Slobodan"]
[Black "Sinadinovic, Ilija"]
[Result "1-0"]
[WhiteElo "1967"]
[BlackElo "1832"]
[PlyCount "65"]
[EventDate "2013.10.17"]

1. c4 Nf6 2. Nf3 e6 3. g3 d5 4. Bg2 c6 5. O-O Nbd7 6. cxd5 exd5 7. d4 Bd6 8.
Nc3 O-O 9. Re1 Ne4 10. Nxe4 dxe4 11. Ng5 Bb4 12. Rf1 Re8 13. Qb3 Qe7 14. Nxe4
Kh8 15. Bf4 f5 16. Ng5 h6 17. Nf7+ Kh7 18. a3 Rf8 19. Nxh6 gxh6 20. axb4 Nb6
21. b5 Be6 22. Qe3 Nc4 23. Qc1 Bd5 24. Bxd5 cxd5 25. Bxh6 Rg8 26. Bf4 Qb4 27.
Qc2 Kg6 28. b3 Nb6 29. Qc5 Qxb3 30. Rxa7 Nc4 31. Rxa8 Rxa8 32. Qxd5 Nd2 33.
Qd6+ 1-0

[Event "LIGA CENTRALNE SRBIJE 2013 - Jug"]
[Site "Niš"]
[Date "2013.10.18"]
[Round "3.6"]
[White "Velickovic, Slobodan"]
[Black "Jovanovic, Dragan N"]
[Result "1-0"]
[WhiteElo "2094"]
[BlackElo "1934"]
[PlyCount "89"]
[EventDate "2013.10.17"]

1. Nf3 d5 2. g3 Nf6 3. Bg2 e6 4. O-O c5 5. d3 Nc6 6. Nbd2 Be7 7. e4 dxe4 8.
dxe4 O-O 9. c3 Qc7 10. Qc2 Rb8 11. Nc4 e5 12. Ncxe5 Nxe5 13. Nxe5 Bd6 14. Nc4
Ne8 15. Rd1 Bg4 16. f3 Be6 17. Nxd6 Nxd6 18. Bf4 Rbd8 19. Rd2 Qb6 20. Bxd6 Rxd6
21. Rxd6 Qxd6 22. Rd1 Qb6 23. c4 Rd8 24. b3 h6 25. Kf1 Rxd1+ 26. Qxd1 Qa5 27.
a4 Qc3 28. f4 f6 29. Bf3 a6 30. Bh5 f5 31. Bg6 Qf6 32. exf5 Bxf5 33. Bxf5 Qxf5
34. Qd5+ Qxd5 35. cxd5 Kf8 36. Ke2 Ke7 37. Kd3 b5 38. axb5 axb5 39. Ke3 Kd6 40.
Ke4 g5 41. f5 g4 42. f6 h5 43. Kf5 c4 44. bxc4 b4 45. Ke4 1-0

[Event "LIGA CENTRALNE SRBIJE 2013 - Jug"]
[Site "Niš"]
[Date "2013.10.18"]
[Round "3.6"]
[White "Djuric, Ranko"]
[Black "Sundric, Dragan"]
[Result "0-1"]
[WhiteElo "2083"]
[BlackElo "1963"]
[PlyCount "83"]
[EventDate "2013.10.17"]

1. e4 d6 2. d4 g6 3. Nf3 Bg7 4. Nc3 Nf6 5. Be2 O-O 6. O-O c6 7. h3 Qc7 8. Bf4
Nbd7 9. e5 Ne8 10. exd6 exd6 11. Qd2 Qb6 12. Rab1 d5 13. Bh6 Nd6 14. Bxg7 Kxg7
15. Qf4 Qc7 16. Qg3 Nf6 17. Bd3 Qd8 18. Rfe1 Bf5 19. Re5 Nh5 20. Qh2 Bxd3 21.
cxd3 Qf6 22. Ne2 Rfe8 23. Re1 Kf8 24. Ng5 Kg8 25. f4 Ng7 26. Nc3 Qd8 27. Rxe8+
Ngxe8 28. g4 Qb6 29. Qf2 Ng7 30. Nf3 Re8 31. Re5 Ne6 32. f5 Ng7 33. fxg6 fxg6
34. Kg2 Ne6 35. Kg3 Qc7 36. Kg2 Nf4+ 37. Kf1 Ne6 38. h4 h6 39. Re2 Nf7 40. Ng1
Kg7 41. Nf3 Qd6 42. Kg2 {time} 0-1

[Event "LIGA CENTRALNE SRBIJE 2013 - Jug"]
[Site "Niš"]
[Date "2013.10.18"]
[Round "3.6"]
[White "Stojilkovic, Dane"]
[Black "Nikolic, Sava N R"]
[Result "0-1"]
[WhiteElo "1963"]
[BlackElo "2093"]
[PlyCount "76"]
[EventDate "2013.10.17"]

1. d4 d5 2. c4 Nc6 3. e3 e5 4. cxd5 Qxd5 5. Nc3 Bb4 6. Bd2 Bxc3 7. bxc3 Qd6 8.
Bb5 Nge7 9. Ne2 Bd7 10. O-O O-O-O 11. a4 a6 12. Bc4 f6 13. a5 g5 14. Ng3 f5 15.
Qe2 Nb8 16. Rfb1 h5 17. Rb3 h4 18. Nf1 Bc6 19. Rab1 Rdf8 20. f3 e4 21. fxe4
fxe4 22. Qg4+ Kd8 23. Qxg5 Rf5 24. Qg7 Rhf8 25. Be1 Bd5 26. Be2 Rg8 27. Qh7
Rfg5 28. g3 hxg3 29. hxg3 Bxb3 30. Rxb3 Nf5 31. g4 Kc8 32. Qh3 Nd7 33. Ng3 Nxg3
34. Bxg3 Qe6 35. c4 Rxa5 36. d5 Ra1+ 37. Kg2 Qg6 38. Rb2 Qg7 0-1